000 01664nam0a22003731 4500
001 v19\rc\1660063
005 20260310171012.0
035 _a(NLR Aleph) 004769660
090 _a4622653
_c4622653
100 _a20061002d1890 u y0rusy50 ca
101 0 _arus
102 _aRU
105 _ay z |||||
200 1 _aЧерты нравов из русского быта в XVII веке
_eЧит. в заседании О-ва 5 мая 1890
_fСообщ. А.И. Соколов
210 _aСанкт-Петербург
_cО[-во] л[юбителей] д[рев]. п[исьменности
_d1890]
215 _a27 с.
_d30
311 _aПрил. 4 к "Отчетам о заседаниях О-ва". (Памятники древней письменности и искусства. 83)
422 0 _12001#$aОтчеты о заседаниях Общества$e(Памятники древней письменности и искусства. 83)
_tОтчеты о заседаниях Общества
532 1 1 _aЧерты нравов из русского быта в семнадцатом веке
700 1 _7ca
_8rus
_aСоколов
_bА. И.
_cфилолог
_f1824-1893
_gАвдий Иванович
_92700049
_3RU\NLR\AUTH\770290832
801 0 _aRU
_bNLR
_gpsbo
801 0 _aRU
_bRuMoRGB
_2psbo
801 1 _aRU
_bProSoft-M
_2rusmarc
852 _aNLR
_j18.345.2.1(83г(прил.))
899 _aRuMoRGB
_jU 325/287
899 _aRuMoRGB
_jA 205/95
899 _aБАН
899 _aНБ СПбГУ
899 _aГПИБ
899 _aНБ МГУ
899 _aRuMoRGB
_jE 119/394
942 _cUNSPEC
980 _aNB